SEC Conference Winners - Statistics

General Stats
  • This quiz has been taken 64 times
    31 since last reset
  • The average score is 87 of 91
Answer Stats
Year Champions % Correct
2023 Alabama
100%
2021 Alabama
100%
2020 Alabama
100%
2018 Alabama
100%
2016 Alabama
100%
2015 Alabama
100%
2014 Alabama
100%
2012 Alabama
100%
2009 Alabama
100%
1999 Alabama
100%
1992 Alabama
100%
1979 Alabama
100%
1978 Alabama
100%
1977 Alabama
100%
1975 Alabama
100%
1974 Alabama
100%
1973 Alabama
100%
1972 Alabama
100%
1971 Alabama
100%
1965 Alabama
100%
1964 Alabama
100%
1953 Alabama
100%
1945 Alabama
100%
1937 Alabama
100%
1933 Alabama
100%
1981 Alabama/Georgia
100%
1966 Alabama/Georgia
100%
1961 Alabama/LSU
100%
1989 Auburn/Tennessee
100%
1934 Alabama/Tulane
100%
2022 Georgia
100%
2017 Georgia
100%
2005 Georgia
100%
2002 Georgia
100%
1982 Georgia
100%
1980 Georgia
100%
1976 Georgia
100%
1968 Georgia
100%
1959 Georgia
100%
1948 Georgia
100%
1942 Georgia
100%
1951 Georgia Tech/Tennessee
100%
1939 Georgia Tech/Tennessee/Tulane
100%
1946 Georgia/Tennessee
100%
2019 LSU
100%
2011 LSU
100%
2007 LSU
100%
2003 LSU
100%
2001 LSU
100%
1986 LSU
100%
1970 LSU
100%
1958 LSU
100%
1936 LSU
100%
1935 LSU
100%
1998 Tennessee
100%
1997 Tennessee
100%
1990 Tennessee
100%
1985 Tennessee
100%
1969 Tennessee
100%
1967 Tennessee
100%
1956 Tennessee
100%
1940 Tennessee
100%
1938 Tennessee
100%
2008 Florida
96%
2006 Florida
96%
2000 Florida
96%
1996 Florida
96%
1995 Florida
96%
1994 Florida
96%
1993 Florida
96%
1991 Florida
96%
1984 Florida
96%
2013 Auburn
91%
2010 Auburn
91%
2004 Auburn
91%
1988 Auburn
91%
1987 Auburn
91%
1983 Auburn
91%
1957 Auburn
91%
1950 Kentucky
83%
1941 Mississippi State
83%
1963 Ole Miss
83%
1962 Ole Miss
83%
1960 Ole Miss
83%
1955 Ole Miss
83%
1954 Ole Miss
83%
1947 Ole Miss
83%
1952 Georgia Tech
70%
1944 Georgia Tech
70%
1943 Georgia Tech
70%
1949 Tulane
57%
No matching quizzes found
Score Distribution
Percent of People with Each Score
Percentile by Number Answered
Your Score History
You have not taken this quiz since the last reset